Stations de la ligne C du tramway de Grenoble - Statistiques

Statistiques générales
  • Ce quiz a été pris 39 fois
  • Le résultat moyen est 15 sur 19
Statistiques - réponses
Hint Réponse % Correct
A Chavant
100%
B Université Condillac
100%
D Neyrpic - Belledonne
97%
E Vallier Libération
97%
B Université Bibliothèques
94%
Flandrin Valmy
91%
Grenoble - Hôtel de Ville
91%
B Gabriel Fauré - MUSE
85%
B D Université - Les Taillées
85%
Vallier - Catane
85%
Seyssins - Le Prisme
79%
Foch Ferrié
76%
Gustave Rivet
74%
Vallier - Docteur Calmette
71%
Péri - Brossolette
65%
Seyssinet-Pariset Hôtel de Ville
53%
Fauconnière
44%
Grand Pré
41%
Mas des Îles
41%
Aucun quiz correspondant
Distribution des résultats
% des personnes avec chaque résultat
Percentile par nombre de réponses
Votre historique - résultats
Vous n’avez pas pris ce quiz